Full mensual d'ocupació
MARC
| LEADER | 00000nas a2200000 a 4500 | ||
|---|---|---|---|
| 003 | Arxiu | ||
| 005 | 20260324175349.0 | ||
| 008 | 160829d19801993spcmr p sx cat c | ||
| 017 | |a DL B. 40554-1980 | ||
| 022 | |a 0213-5051 | ||
| 040 | |a AGDB | ||
| 080 | |a Revistes | ||
| 245 | 0 | 0 | |a Full mensual d'ocupació |
| 246 | |a Informació estadística del Departament de Treball |i Continuada per: | ||
| 260 | |a [Barcelona] : |b Generalitat de Catalunya. Departament de Treball. Direcció General d'Ocupació |c 1980-1993 | ||
| 300 | |a 100 volums : |b taules, gràfics, periodicita mensual ; |c 30 cm | ||
| 310 | |a Mensual | ||
| 362 | |a Novembre 1980-Desembre 1993 | ||
| 500 | |a Periodicitat mensual | ||
| 580 | |a Absorbida el 1994 per: Informació estadística del Departament de Treball, ISSN 1130-4553 | ||
| 650 | |a Ocupació |x Catalunya |x Estadístiques |x Revistes |9 29239 | ||
| 650 | |a Atur |x Catalunya |x Estadístiques |x Revistes |9 29238 | ||
| 710 | 1 | |9 56565 |a Catalunya. |b Direcció General d'Ocupació |e entitat editora | |
| 752 | |0 Catalunya |0 Barcelona (Catalunya : Província) |0 Barcelonès |0 Barcelona | ||
| 785 | 0 | 4 | |t Informació estadística del Departament de Treball. |x 1130-4553 |
| 866 | |a 1980 (novembre-desembre), 1981 (gener-desembre), 1982 (gener-maig), 1983 (gener-novembre), 1984 (gener-desembre), 1985 (gener-novembre), 1986 (gener-abril, juny-agost, octubre-desembre), 1987 (gener-novembre), 1988 (gener-desembre), 1990 (gener-desembre), 1991 (gener-desembre), 1999 (gener-abril, juny-desembre), 1993 (gener-desembre) | ||
| 901 | |a Arxiu | ||
| 942 | |n 1 |2 udc |c REV | ||
| 952 | |0 0 |1 0 |4 0 |6 REV2195 |7 1 |9 45112 |a Arxiu |b Arxiu |d 2016-12-01 |h Novembre 1980-Desembre 1993 |o Rev-2195 |p 28053 |r 2016-12-01 00:00:00 |w 2016-12-01 |y ARXIU | ||
| 999 | |c 47743 |d 47743 | ||